| 000 | 01849nam a2200421 c 4500 | ||
|---|---|---|---|
| 003 | BLK | ||
| 005 | 20250401143347.0 | ||
| 008 | 180410b bul|||||r ||||||| ||bul|| | ||
| 010 | _aKNG00166844000 | ||
| 020 |
_a978-954-625-877-9 _bиздат.: Фют - на том(кн. 1) |
||
| 040 | _aBLK | ||
| 041 |
_aBUL _cBUL |
||
| 072 | 7 |
_2bullib _aН85 _xДетска художествена литература Н |
|
| 080 |
_aНемска литература _b821.112.2 _x-93-322.4 _z821.112.2-93-322.4 |
||
| 100 | 1 |
_aРийкхоф, Сибиле _eпърви автор _9116192 |
|
| 700 | 1 |
_aФредрих, Фолкер _eил. _9134893 |
|
| 700 | 1 |
_aКараславова, Жечка Ангелова _eпрев. _9368049 |
|
| 139 |
_aРийкхоф, Сибиле _bР 60 |
||
| 245 | 1 | 0 |
_aСтрахотните 5 _bКн. 1 - _cСибиле Рийкхоф; ил. Фолкер Фредрих; прев. Жечка Ангелова Караславова. _nКн. 1 _pТайната на капитан Агли |
| 257 | _aDEU | ||
| 260 |
_аСофия _c2013 - |
||
| 300 | _c20 см | ||
| 380 | _aDX | ||
| 500 | _aОриг. загл. Die Coolen 5 / Sibylle Rieckhoff. | ||
| 653 | _aкрими | ||
| 653 | _aповести | ||
| 653 | _aлитература за деца | ||
| 653 | _aдетска литература | ||
| 653 | _aкниги-игри | ||
| 659 | _aН | ||
| 760 | 1 |
_3- на том(кн. 1) _aРийкхоф, Сибиле _dФют, 2013 _h95 с. : с ил. _nОриг. загл. Das dunkle Geheimnis des Kapten Agly. _tКн. 1 Тайната на капитан Агли |
|
| 852 | _aЦб 271322 | ||
| 856 | 4 |
_qpdf _u |
|
| 856 | 4 |
_qpdf _u |
|
| 942 |
_cKNG _n0 _014 |
||
| 944 |
_aCR _c05.11.2014 _lАнна Гръцманова _k30564 |
||
| 944 |
_aED _c20.07.2015 _lф / _kПенка_Димитрова |
||
| 999 |
_c159671 _d159671 |
||